| 000 | 00822nam a22002417a 4500 | ||
|---|---|---|---|
| 005 | 20170124110013.0 | ||
| 010 | _aB-228151 | ||
| 020 |
_c00.00 _a139780195656426 |
||
| 020 |
_c00.00 _a100195676424 |
||
| 035 | _aB-228151 | ||
| 037 | _bCen Lib/Ret | ||
| 040 |
_aDPL _bEN |
||
| 082 |
_a332.6 _bLAL |
||
| 100 |
_aLalita S.Som _918134 |
||
| 245 |
_aStock market capitalization and corporate governance in india / _cby Lalita S.Som |
||
| 260 |
_aNew Delhi _bOxford University Press _c2006 |
||
| 270 |
_bNew Delhi _e110001 _aYMCA Library Building, Jai Singh Road |
||
| 300 |
_axxvii,247p. _c20cm(Hb) _bill. |
||
| 500 | _aIncludes bibliographical references and index | ||
| 650 |
_aCorporate governance -- India. _918135 |
||
| 650 |
_aCapital market -- India. _z _918136 |
||
| 942 |
_2ddc _cEN _h332.6 _mLAL |
||
| 999 |
_c126669 _d126669 |
||